[Event "Corus"]
[Site "Wijk aan Zee"]
[Date "2002.01.26"]
[Round "12"]
[White "Bareev, Evgeny"]
[Black "Lautier, Joel"]
[Result "1-0"]
[WhiteElo "2707"]
[BlackElo "2687"]
[Annotator "Stohl,I"]
[PlyCount "141"]
[EventDate "2002.01.12"]
[EventType "tourn"]
[EventRounds "13"]
[EventCountry "NED"]
[EventCategory "18"]
[SourceTitle "CBM 087"]
[Source "ChessBase"]
[SourceDate "2002.03.21"]
[SourceVersion "1"]
[SourceVersionDate "2002.03.21"]
[SourceQuality "1"]

1. d4 Nf6 2. Nf3 e6 3. e3 {The opponents know each other well and they were
even together in Kramnik's team in his match against Kasparov in 2000.
Therefore Bareev instead of sharply fighting for the advantage from the start
chooses a quiet line, moving the emphasis towards the middle game.} b6 4. Bd3
Bb7 5. Nbd2 ({In round 5 Bareev aimed for Queen's Indian positions with} 5. c4
d5 (5... c5 6. O-O g6 $5 7. Nc3 Bg7 8. e4 cxd4 9. Nxd4 d6 10. Bc2 a6 11. Nf3
O-O 12. Bf4 Ne8 13. e5 Qc7 14. exd6 Qxc4 15. Bg5 Nf6 16. Ne5 Qc5 17. Re1 Nfd7
18. Nf3 Bxf3 19. Qxf3 Nc6 $13 20. Ne4 $2 Qxc2 21. Rac1 Qa4 22. Rxc6 Ne5 23.
Nf6+ Bxf6 24. Qxf6 Nxc6 {0-1,Delchev,A-Gelfand,B/FIDE WCh Moscow/ 2001/}) 6. b3
Nbd7 7. O-O Bd6 8. Nc3 O-O 9. Bb2 c5 (9... a6 $142 {is more flexible.}) 10.
cxd5 exd5 11. Rc1 Re8 12. Bf5 Qe7 13. Qc2 Ne4 14. Rfd1 Rad8 15. dxc5 Ndxc5 16.
b4 Na6 17. a3 Nc7 18. Nd4 g6 19. Nxe4 dxe4 20. g3 $1 Nd5 21. Bh3 Be5 22. b5 $14
{Bareev,E-Leko,P/Wijk aan Zee/2002/}) 5... c5 6. b3 Nc6 7. a3 {Aimed against a
possible Nb4.} (7. c4 cxd4 8. exd4 d5 9. O-O Be7 10. Bb2 O-O {In the quoted
game itself the move order was different, but this position was reached.
Kasparov shows an impressive plan with Black:} 11. Qe2 Re8 $1 12. Rad1 Bf8 13.
Rfe1 g6 14. Bb1 Bg7 15. Ne5 Rc8 16. Ndf3 Nd7 17. Ng4 h5 18. Ne3 Ne7 $1 19. h3
Nf6 20. Ne5 Nf5 $1 21. Nf1 Nd6 22. Ne3 Nf5 23. Nf1 Ne4 $1 24. Bxe4 dxe4 25. Ne3
Qc7 26. Nxf5 exf5 $36 {[%csl Gb7,Re5,Gg7] פe5,^^,Kramnik,V-Kasparov,G/Moscow
m 5'/2001/ The seemingly strong Ne5 is in fact exposed and vulnerable.}) 7...
Be7 8. Bb2 O-O 9. O-O {Onischuk,A (2605)-Lautier,J (2620) Biel SKA 1996 (9)
0-1 Lautier once reached a very similar position against Onischuk, but there
White castled instead of a3 and now proceeded to open the [+]:} {Bareev on the
other hand is in no hurry to change the character of the position.} Qc7 {
The key question in this position is how to resolve the [+] tension, for this
the Q will not be ideally placed on c7 (although this move has been earlier
used even by strong players). Despite the result of the above game
Onischuk-Lautier Black always has to reckon with dxc5, as it activates White's
^^. A good example is} (9... Rc8 10. Qe2 Re8 11. Rfd1 Qc7 12. Rac1 Qb8 13. dxc5
$5 bxc5 14. c4 a5 $2 15. Bb1 d6 16. Ng5 g6 17. f4 d5 18. Qf3 d4 19. Qh3 h5 20.
Qg3 Ng4 21. Nxf7 $1 Kxf7 22. h3 $40 {Jussupow,A-Hulak,K/Indonesia/1983/}) ({
A good model for Black is still Kasparov's above-mentioned plan, only when
White keeps his P on c2, Black also doesn't block the a8-h1/^ with d5 and
waits only for c4:} 9... cxd4 10. exd4 (10. Nxd4 $11 {is too insipid.}) 10...
Re8 11. Qe2 (11. Re1 $142 $13) 11... Bf8 12. Rfd1 Rc8 13. Qf1 $6 Ne7 $1 14. g3
g6 15. Rac1 Bh6 16. Rb1 Bg7 17. Rbc1 Rc7 18. c4 d5 $1 19. Re1 (19. c5 Nd7 $1
$15) 19... a5 20. Ne5 Bh6 21. Rc2 a4 $17 {Kovacevic,V-Lobron,E/Indonesia/1983/}
) 10. Rc1 (10. Qe2 a5 $5 {/\a4<=>}) (10. c4 {is also good and could have
transposed into the game position.}) 10... Rac8 (10... a5 11. c4 $14 (11. dxc5
$5 bxc5 12. Ng5 $36)) (10... d5 11. c4 dxc4 12. Nxc4 cxd4 13. Nxd4 $1 $14 {ףc7
} (13. exd4 Qf4 14. g3 Qh6 15. Re1 Rfd8 16. b4 Ng4 17. h4 b5 18. Ne3 Nxe3 19.
Rxe3 $13 {Lukasiewicz,G-Gulko,B/St Martin/1993/})) 11. c4 Rfe8 $6 {><f7 This
move is too passive and makes f7 more vulnerable in some lines.} (11... cxd4
$142 12. exd4 d5 $11 {/+/=}) 12. Re1 d6 (12... cxd4 13. exd4 d5 14. cxd5 (14.
Ne5 $5 $36 {/\} dxc4 15. Bxc4 {targets f7 and also deserves attention.}) 14...
Nxd5 15. Ne5 Bg5 16. Rc2 $14 {[%csl Re8][%cal Rd3b5] |^,/\Bb5,צe8}) (12... Qb8
$5 {was interesting, if not for any other reason than the fact Black will
later have to play d67-d5 and lose a tempo. But White retains some edge after}
13. dxc5 $5 bxc5 14. Qc2 $14) (12... d5 $2 13. dxc5 bxc5 14. Bxf6 $16) 13. Bb1
Qb8 14. Nf1 $1 {[%csl Gb1,Gb2][%cal Rd4d5] /\d5->} cxd4 15. exd4 d5 $8 16. Ne3
Bf8 $2 {Under pressure Black commits a serious mistake, which enables White to
gain a permanent advantage.} (16... dxc4 17. bxc4 Bd6 18. Qd3 $36 {[%cal Rd4d5,
Rc4c5] and the hanging P are really like a sword of Damocles for Black.} (18.
d5 $143 Ne5 $132)) (16... Red8 $142 $14 {/\ with a defensible position, as the
direct} 17. cxd5 Nxd5 18. Nxd5 Rxd5 19. Be4 Rdd8 {doesn't give White anything
concrete.}) 17. b4 $1 $16 {[%mdl 96] A nice intertwining of tactics and
strategy-thanks to his >> attacking potential White can improve his <<
P-structure.} a6 {At least prevents b5 and c5.} ({The otherwise natural} 17...
dxc4 $2 {fails to} 18. d5 $1 Nxd5 (18... exd5 $2 19. Bxf6 gxf6 20. Qc2 $18) 19.
Ng5 Nf4 (19... g6 20. Qh5 $1 h6 21. Bxg6 $18) 20. Bxh7+ Kh8 21. Rxc4 $18 {
/\Rf4,Qh5->}) 18. c5 g6 19. Qe2 (19. cxb6 Ba8 $14 {is still premature.}) 19...
bxc5 {Resolving the tension is not ideal, as the <<P will be much stronger
than Black's [+]. But after} (19... Bg7 {White could also change his mind about
} 20. cxb6 $5 Nd7 21. Bd3 Qa8 22. Ng4 Nxb6 23. Nfe5 $40 {[%csl Ra8,Rb6,Rb7]
Black's forces are misplaced on the <<.}) 20. dxc5 {[%csl Ga3,Gb4,Gc5]} Bg7 (
20... e5 {[%csl Rd5,Re5] ה} 21. Ba2 Rcd8 22. Rcd1 d4 23. Nc4 Nd5 24. Nd6 (24.
Ncxe5 $5 Nxe5 25. Nxe5 f6 26. Bxd4 fxe5 27. Bxe5 $36) 24... Bxd6 25. Bxd5 Bf8
26. Qc4 {[%csl Rf7] ><f7} (26. Bc4 $5)) 21. Bd3 $1 {A clever move, the
protection of a6 requires the decentralization of the Q, which will be sorely
missed in the defence of the K.} Qa7 22. Ne5 Nxe5 23. Bxe5 {[%cal Yf2f4,Ye3c2,
Yc2d4] /\f4,Nc2-d4+-} Nd7 $8 {Black must exchange his defensive B, as
otherwise the game would be very one-sided.} 24. Bxg7 Kxg7 25. Ng4 (25. f4 $16
{/\} f6 26. f5 $1 exf5 27. Bxf5 $1 $40 {was also possible, but the text is
even stronger.}) 25... e5 26. Qd2 Qb8 (26... e4 $2 27. Bxe4 $18) (26... f5 $6
27. Qh6+ (27. Nxe5 Nxe5 28. Qb2 d4 29. Rxe5 Rxe5 30. Qxd4 Qb8 31. f4 Rd8 $15)
27... Kg8 28. Bxf5 (28. Ne3 $6 e4) 28... gxf5 29. Qg5+ Kh8 30. Nf6 $16 {
/+- and Black loses an exchange and some pawns, as he gets mated after} Nxf6 $2
31. Qxf6+ Kg8 32. Re3 f4 33. Rcc3 $1 $18) (26... Bc6 27. f4 $1 $16) 27. Qh6+ {
Bareev chooses a complicated combinational path.} (27. b5 axb5 28. Bxb5 Bc6 29.
Bxc6 Rxc6 30. Qxd5 Qc7 $14 {/+/-}) ({But even here} 27. f4 $1 $16 {/+-,-> was
very strong.}) 27... Kg8 (27... Kh8 28. Re3 Re6 29. Rf3 $1 Kg8 30. Rxf7 Kxf7
31. Qxh7+ Kf8 (31... Ke8 $143 32. Bxg6+ Rxg6 33. Qxg6+ Ke7 34. c6 $18) 32. Qxd7
(32. Nh6 $5) 32... Re7 33. Qa4 $40 {[%csl Rf8] +/-,ע}) 28. Bxa6 $1 {[%mdl 512]
Again as in move 17 a blow on the << helps White's >>->.} Bxa6 29. c6 Nf8 30.
Nf6+ Kh8 31. c7 Qb5 ({Somewhat more complicated is} 31... Qa8 $5 32. Nxe8 (32.
Rc3 Re6 33. Nxh7 Nxh7 34. Rh3 Kg8 35. Rxe5 $1 {Because of this White plays 32.
Rc3, not 32.Re3.} Rxc7 (35... Rxe5 36. Qxh7+ Kf8 37. Qh8+ Ke7 38. Qxe5+ Kd7 39.
Rf3 f5 40. Rh3 $40) 36. Qxh7+ Kf8 37. Qh6+ Ke7 38. Qg5+ Kd6 (38... Kd7 39.
Rxd5+ Kc8 40. Rh8+ Kb7 41. Rb5+ $1 Bxb5 42. Qxb5+ Rb6 43. Qd5+ $18) 39. Rxe6+
Kxe6 (39... fxe6 $2 40. Qf4+ Kc6 41. Rc3+ Bc4 42. Rxc4+ dxc4 43. Qf3+ $18) 40.
Re3+ Kd7 41. Re7+ Kc6 42. Qf6+ Kb7 43. Rxc7+ Kxc7 44. Qxf7+ $16 {/\Qg6 gives
White good winning chances, but still isn't completely clear.}) 32... Rxe8 33.
Qh3 $36 {[%csl Ga3,Gb4,Gc7][%cal Rb4b5] /\b5,o^<<} (33. Rxe5 $2 Rxe5 34. c8=Q
Qxc8 $19)) (31... Qb7 $2 32. Nxe8 Rxe8 33. Rxe5 {/\} Ne6 34. Qd2 Bc4 35. Rxd5
$1 Bxd5 36. Qc3+ Kg8 37. c8=Q $18 {_|_}) 32. Rc5 Qa4 33. Ra5 $138 {Bareev
repeats moves a few times to save some minutes, but loses count in the end.
Lucklily for him, so does Lautier...} Qc6 34. Nh5 Ne6 35. Nf6 Nf8 36. Nh5 Ne6
37. Rc1 Bc4 38. Nf6 Nf8 39. Nh5 Ne6 40. Rc5 Qa8 41. Nf6 Nf8 42. Ra5 Qc6 (42...
Qb7 43. Rc3 Re6 (43... Qc6 44. Nxd5 $1 $18 (44. Nh5 Ne6 45. Rh3 gxh5 46. Rg3
Rg8 47. Qf6+ Rg7 48. Rxg7 Nd4 $1 $13)) (43... Qb6 44. Nxe8 Rxe8 45. Rxd5 $18)
44. Nxh7 Nxh7 45. Rh3 Kg8 46. Qxh7+ Kf8 47. Ra7 $1 Qxa7 48. Qh8+ Ke7 49. Qxc8
Rd6 50. Rh8 $19) 43. Nh5 $2 {This is the one repetition too many.} (43. Nxd5
$142 $1 {immediately was necessary.}) 43... Ne6 44. Nf6 Nf8 $2 {Lautier could
have claimed a draw-this position was on the board after moves 38 and 42.} 45.
Nxd5 $1 Nd7 $1 {The most resilient. Giving the Q is hopeless:} (45... Bxd5 46.
Rxc6 Bxc6 47. b5 $18) (45... Qxd5 46. Rxd5 Bxd5 47. Qd2 $18 {[%csl Ga3,Gb4,Gc7]
[%cal Rb4b6] /\b5-b6,o^<<}) 46. Qh4 (46. Ne3 $18 {but Bareev wants to retain
the Pc7 as long as possible.}) 46... e4 47. Ne3 (47. Ne7 $5 Rxe7 (47... Qxc7
48. Rc5 $1 $18) 48. Qxe7 $18) 47... Ne5 48. Nxc4 $6 {But this gives Black too
much <=>.} (48. Rxe5 $142 $1 Rxe5 49. Qd8+ Qe8 (49... Re8 50. Qd4+ Kg8 51. Rxc4
$18 {[%cal Re3g4,Re3d5] /\Ng4,Nd5}) 50. Qxe8+ Rexe8 51. Rxc4 Re7 52. Nd5 Rd7
53. Rc5 Rxd5 54. Rxd5 Rxc7 55. g4 $18) 48... Nd3 (48... Nxc4 $143 $2 49. Rc5
$18) 49. Rc2 Qxc7 50. Qf6+ Kg8 51. Ne3 Qxc2 $5 ({Black is doing his best. After
} 51... Qb7 52. Rxc8 Rxc8 53. Nf1 $5 {Black's <=> fails due to his ע:} Rc1 54.
Qd8+ Kg7 55. Qd4+ Kh6 (55... Kg8 56. Rd5 $18) 56. f3 {/\} f5 57. Rxf5 $1 $18)
52. Nxc2 Rxc2 53. h3 $6 {White has 4 moves to make a Luft, but his choice is
not ideal. As Bareev intends to return his Q, at first sight} (53. g4 {is the
best. But after} Rec8 $1 {/\e3<=>} (53... Rxf2 $2 54. Qxf2 Nxf2 55. Kxf2 $16 {
/+- is practically hopeless.}) 54. Ra7 Rc1+ 55. Kg2 Ne1+ $11 56. Kh3 $2 R1c3+
57. Kh4 Rf3 $1 {/\h6-+}) (53. g3 $142 $5) (53. h4 $142 $1 {Why this move is
strong, we will see only in the note to move 60.}) 53... Rxf2 54. Qxf2 (54. Qc6
Re6 55. Qc8+ Kg7 56. Qc3+ Rff6 $44 {[%csl Ge4] o^e,/\} 57. g4 h6 58. h4 $2 e3
$1 59. g5 e2 $17) 54... Nxf2 55. Kxf2 Rc8 $1 {[%mdl 4096]} ({Black must first
activate his R, hopeless is} 55... f5 56. b5 f4 57. b6 $18) 56. b5 Rc3 {
Again R activity is important.} (56... f5 57. Ra4 $1 Rc2+ 58. Ke1 {[%cal Ra4b4]
/\Rb4+-} (58. Ke3 $5)) 57. a4 Rb3 58. Ra6 (58. Ra7 f5 $132 {/\} 59. Rb7 f4 60.
a5 Rb2+ 61. Ke1 Rb1+ 62. Kd2 Rb2+ 63. Kc1 f3 $1 $11) 58... f5 59. Ra7 f4 60.
Re7 e3+ $2 (60... Rb4 61. a5 $1 Rxb5 62. a6 $18) (60... Rb2+ $1 61. Ke1 $5 (61.
Kg1 Rb1+ 62. Kh2 e3 {/\} 63. a5 $2 Rxb5 64. a6 Ra5 65. a7 Kf8 $19) 61... e3 (
61... Rb4 $2 62. a5) 62. Re4 (62. a5 Rxb5 63. a6 Rb1+ 64. Ke2 Rb2+ 65. Kd1 (65.
Kf3 Rf2+ $15) 65... Rb1+ $11 66. Kc2 $6 Ra1 67. a7 Kf8 {already forces White
to find the only} 68. Rxh7 e2 69. a8=Q+ $8 Rxa8 70. Kd2 $11) 62... g5 63. h4 h6
$13 {/= and White can't disrupt Black's P chain. This would all be a different
story, if White's P was already on h4 since move 53!}) 61. Kf3 $18 {Black's P
are harmless and will soon fall, White will have at least one left.} Kf8 (61...
Rb4 62. a5 Rxb5 63. a6 $18) 62. Re5 Kf7 (62... Ra3 63. Re4 $1 (63. Kxf4 $143
Rxa4+ 64. Kxe3 $18) 63... g5 64. Rb4 Ra2 65. b6 Rf2+ 66. Kg4 e2 67. b7 $18 {
-> and the major pieces will mate Black's K.}) 63. Kxf4 Rb4+ 64. Kxe3 Rxa4 65.
Re4 Ra3+ (65... Ra2 66. Rb4 $18) 66. Kd4 Ra2 67. g4 Rh2 68. Re3 Rb2 69. Kc5 Kf6
(69... Rc2+ 70. Kb4 Rb2+ 71. Rb3 $18) 70. b6 Kg5 71. Rc3 {[%cal Rc5c7,Rb6b8] /
\Kc6-c7,b7} 1-0

[Event "DDR-ch 36th"]
[Site "Glauchau"]
[Date "1987.02.??"]
[Round "13"]
[White "Paehtz, Thomas Sr"]
[Black "Tischbierek, Raj"]
[Result "0-1"]
[WhiteElo "2415"]
[BlackElo "2435"]
[Annotator "Tischbierek,R"]
[PlyCount "72"]
[EventDate "1987.02.05"]
[EventType "tourn"]
[EventRounds "13"]
[EventCountry "DDR"]
[EventCategory "6"]
[SourceTitle "EXT 2003"]
[Source "ChessBase"]
[SourceDate "2002.11.25"]
[SourceVersion "1"]
[SourceVersionDate "2002.11.25"]
[SourceQuality "1"]

{SCHACH 5/1987} 1. d4 Nf6 2. Nf3 e6 3. e3 {Verständlich, dass Thomas Päthz bei
der vorliegenden Konstellation ein ruhiges und sicheres System wählt, dem vor
allem Jussupow in den vergangenen Jahren zu einigem Ansehen verholfen hat.} b6
4. b3 Bb7 5. Bb2 c5 6. Nbd2 Be7 7. Bd3 cxd4 8. Nxd4 ({Auf} 8. exd4 {könnte
Schwarz mit} Nd5 $5 {versuchen, Verwirrung zu stiften.}) 8... O-O 9. O-O d6 10.
c4 Nbd7 11. Qe2 Ne5 12. Bc2 Ng6 $6 13. Rad1 Rc8 14. f4 $1 {Deckt die Nachteile
der Springerstellung auf g6 auf. Es droht einfach 15. f5 exf5 16. Nxf5, und
die weissen Läufer sind eine Macht.} d5 $5 15. N2f3 $2 Bc5 16. Kh1 Re8 17. Ne5
Qe7 18. cxd5 Nxd5 19. Bd3 a6 $5 (19... Red8 20. Bb5 {könnte Weiss etwas
aufatmen, z.B.} a6 21. Nec6 Bxc6 22. Nxc6 Qc7 23. Nxd8 axb5 24. f5 $1) 20. Nxg6
hxg6 21. e4 Nf6 22. Nc2 Red8 23. Be5 a5 $1 {Danach ist kein vernünftiger Plan
mehr für Weiss zu sehen. Schwarz droht einfach seine Türme auf der d-Linie zu
verdoppeln und e4 zu nehmen.} 24. f5 $6 {Viel zu spät!} exf5 25. exf5 g5 26.
Rfe1 Bc6 {Mit einfachen Mitteln verstärkt Schwarz seine Stellung. Weiss ist
obendrein in Zeitnot.} 27. Bxf6 Qxf6 28. Bc4 Rxd1 29. Rxd1 Re8 30. Qd3 g4 {
Jetzt müssen bloss noch die Nerven mitmachen.} 31. Rf1 Rd8 32. Qe2 g3 33. Ne3
Re8 34. Ng4 Qd4 $1 {[#]} 35. Nh6+ {Ein letzter Schreckschuss bei nur ein paar
verbliebenen Sekunden.} ({Etwas schwerer war der direkte Gewinn nach} 35. Qd1 {
zu finden:} Qb2 36. Bd5 Rd8 $1 37. Nh6+ ({bzw.} 37. Bxf7+ Kxf7 38. Ne5+ Qxe5
39. Qxd8 Qe2) 37... Kf8 $1) 35... gxh6 36. Qh5 Qf6 {time} 0-1

[Event "POL-ch 58th"]
[Site "Warsaw"]
[Date "2001.03.24"]
[Round "7"]
[White "Krasenkow, Michal"]
[Black "Macieja, Bartlomiej"]
[Result "1-0"]
[WhiteElo "2658"]
[BlackElo "2578"]
[Annotator "Tsesarsky,I"]
[PlyCount "137"]
[EventDate "2001.03.18"]
[EventType "tourn"]
[EventRounds "13"]
[EventCountry "POL"]
[EventCategory "11"]
[SourceTitle "CBM 082"]
[Source "ChessBase"]
[SourceDate "2001.05.17"]
[SourceVersion "1"]
[SourceVersionDate "2001.05.17"]
[SourceQuality "1"]

1. d4 Nf6 2. Nf3 e6 3. e3 b6 4. Bd3 Bb7 5. Nbd2 c5 6. O-O cxd4 {In my opinion,
premature exchange, it opens c1-h6 diagonal for Bc1.} (6... d5 $11 {etc.}) 7.
exd4 {[%cal Gc1g5]} Be7 8. c3 O-O 9. Qe2 d6 10. Nc4 $5 $14 {This continuation
was especially prepared for Macieja, Krasenkow usually doesn't play this
variation.} ({Not such effective another variations:} 10. Rd1 Nbd7 (10... Qc8
11. Nc4 Nbd7 12. Bg5 Re8 13. Rac1 Qc7 14. Ncd2 Rac8 $132 {1/2-1/2 Wuttke,
H-Thal,O/GER 1999/EXT 2000 (22)}) 11. Ba6 Qc8 12. Bxb7 Qxb7 13. Ng5 Rac8 14. f4
Qd5 15. Qf3 Qxf3 16. Ndxf3 g6 17. a4 Rc7 $132 {0-1 Sterk,K-Steiner,E/Budapest
1931/HCL (74)}) (10. Ng5 Nbd7 11. f4 Re8 12. Ndf3 (12. Bc4 d5 13. Bd3 Qc7 $132
(13... Nf8 14. Ndf3 h6 15. Ne5 hxg5 16. fxg5 N8d7 17. gxf6 Nxf6 18. Bg5 $16 {
1-0 Doeve,M-Winkeler,U/Germany 1992/TD (41)})) 12... h6 (12... Nf8 13. Bb5 h6
14. Bxe8 Qxe8 15. Nh3 $16 {0-1 Rosin,W-Bischoff,K/Germany 1982/GER-chT (42)})
13. Nxe6 fxe6 14. Qxe6+ Kh8 15. Ng5 hxg5 16. Qh3+ Kg8 17. Qe6+ Kh8 $11 (17...
Kf8 18. fxg5 $16)) (10. a4 a6 11. Nc4 Nbd7 12. Bf4 Qc7 13. h3 Rfe8 14. Bh2 Bf8
15. Rfe1 $14 {1-0 Wisskirchen,A-Sielecki,C/Germany 2000/EXT 2001 (39)}) ({
The mainline here is} 10. Re1) (10. Ne4 Nxe4 11. Bxe4 Bxe4 12. Qxe4 d5 $11)
10... Nbd7 11. Bf4 Qc7 12. h3 Rfe8 $146 ({Another continuation} 12... Rfd8 {
played in one of Macieja's games would satisfy Krasenkow too.} 13. Bh2 Nf8 14.
Rae1 Ng6 15. Ng5 $1 Nd5 16. f4 Bxg5 17. fxg5 $14 {[%csl Gh2][%cal Gf1f7,Ge1e6]
0-1 Bogdanovich,G-Macieja,B/Copenhagen 1996/CBM 54 (57)}) 13. Bh2 Nf8 14. Nfd2
{White's plan is to promote f-P and to prepare Attack on the kingside.} Ng6 15.
f4 Bf8 16. Qf2 Ne7 {[%csl Gd5,Gf5][%cal Ge7d5,Ge7f5]} 17. Rae1 {White already
have mobilized all resources for Attack.} Rad8 18. g4 $1 {[%cal Gb7h1] White
doesn't afraid of phantoms! h1-a8 diagonal weakening is not dangerous.} Qc6 19.
Nf3 g6 ({Here and at the next moves worth of attention was} 19... Qxf3 {
exchange in order to weaken White Attack, but pair of BB and space advantage
are important factors, and White has advantage.} 20. Qxf3 Bxf3 21. Rxf3 $14)
20. Bg3 h5 (20... Qxf3 $5 $14) 21. Ne3 hxg4 22. hxg4 Ned5 $2 $16 {Black lost
the last possibility to play} (22... Qxf3 $5 $14) 23. Nxd5 Qxd5 24. Bh4 Qxf3 {
At last.} 25. Qxf3 Bxf3 26. Bxf6 $1 {unexpected surprise!} ({Quite strong was
also} 26. Rxf3 Bg7 27. Bb5 Rf8 28. f5 $16) 26... Bxg4 27. Bxd8 Rxd8 28. Kf2 {
White has strategical winning position.} d5 29. Rg1 {Bg4 will be changed
inevitably, and big advantage realisation will be easy for White.} Bh5 30. f5
$1 {opening space for RR.} exf5 31. Bxf5 Bd6 32. Bc2 ({or} 32. Bg4 $16) 32...
Kf8 (32... Kg7) 33. Bd1 Bxd1 34. Rxd1 Kg7 35. Rh1 b5 $6 ({I think, Black would
promote his PP on the kingside:} 35... f5 {[%cal Gg6g5,Gf5f4]}) 36. Rd3 Be7 (
36... f5 $5 37. Rdh3 Kf6 38. Rh8 $16) 37. Re3 Bg5 38. Re2 Bf6 39. Ke3 Rb8 40.
Kd3 a5 41. a4 $1 b4 $6 $18 (41... bxa4 $142 42. Ra1 Rb5 43. Rxa4 $16) 42. c4
dxc4+ 43. Kxc4 {[%csl Ra5]} Rc8+ 44. Kb5 Bxd4 45. Kxa5 {[%csl Ga4]} Rb8 46. Rd1
Bf6 47. Ka6 {[%cal Ga4a5]} b3 48. a5 g5 49. Rd5 g4 50. Rb5 Rd8 51. Rg2 Rd4 52.
Kb7 {[%cal Ga5a8]} (52. Rxb3 $18) 52... Re4 53. a6 Re7+ 54. Ka8 Re4 55. Rxb3
Bd4 56. Rb7 Kg6 57. b4 f5 58. b5 Kh5 59. Rd7 f4 60. Rh2+ Kg5 61. Rd5+ Kf6 62.
Rh6+ Kg7 63. Rc6 {[%csl Rg7][%cal Gd5d7]} Re8+ 64. Kb7 Bf6 65. a7 g3 66. Rc8
Re7+ 67. Rc7 Rxc7+ 68. Kxc7 g2 69. Rd1 1-0